Llwytho...

Lalalajpat Rai : Life and work /

Manylion Llyfryddiaeth
Prif Awdur: Chand Feroz
Fformat: Printed Book
Cyhoeddwyd: Delhi: Publications division.
Pynciau:
LEADER 00422nam a22001214a 4500
082 |a 923.254 
100 |a Chand Feroz , 
260 |a Delhi:  |b Publications division. 
650 |a Lalalajpat Rai  
245 |a Lalalajpat Rai :   |b Life and work /   |c by Feroz Chand .  
942 |c BK 
999 |c 247148  |d 247148 
952 |0 0  |1 0  |4 0  |6 923_254000000000000_CHA  |7 0  |8 G  |9 262501  |a HIS  |b HIS  |d 2020-01-04  |l 0  |o 923.254 CHA  |p HIS9748  |r 2020-01-04  |t 1  |w 2020-01-04  |y BK